| 000 | 00702nam a2200241Ia 4500 | ||
|---|---|---|---|
| 003 | OSt | ||
| 005 | 20250927150519.0 | ||
| 008 | 210423s2003 xx 000 0 und d | ||
| 040 | _cAL | ||
| 041 | _aEnglish | ||
| 082 |
_a305.3 _bKELG |
||
| 100 |
_aGovind Kelkar _9121076 |
||
| 245 |
_aGender relations in forest societies in india _bPatriarchy at odds |
||
| 260 |
_bSage Publications _c2003 |
||
| 300 |
_a325 _bHB |
||
| 365 |
_b290 _cINR |
||
| 650 |
_aSocial Groups _9121077 |
||
| 650 |
_aSocial Sciences _9121078 |
||
| 700 |
_aNathan, Dev _9240873 |
||
| 700 |
_aWalter, Pierre _9240874 |
||
| 906 | _aat ; forest ; Gender ; india ; odds ; Patriarchy ; relations ; societies | ||
| 942 |
_2ddc _cBK |
||
| 999 |
_c173831 _d173831 |
||